[Event "11th Tal Mem Rapid 2018"]
[Site "Moscow RUS"]
[Date "2018.03.04"]
[Round "9.2"]
[White "Grischuk,A"]
[Black "Nakamura,Hi"]
[Result "1/2-1/2"]
[WhiteElo "2767"]
[BlackElo "2787"]

1.c4 Nf6 2.Nc3 e6 3.e4 d5 4.cxd5 exd5 5.e5 Ne4 6.Nf3 Bf5 7.d3 Nxc3 8.bxc3 c5
9.d4 Nc6 10.Bd3 Bxd3 11.Qxd3 Be7 12.dxc5 Bxc5 13.O-O Qd7 14.Re1 Be7 15.Be3 O-O
16.Rad1 Rad8 17.Ng5 Bxg5 18.Bxg5 Rde8 19.f4 h6 20.Bh4 Qg4 21.Bg3 Ne7 22.h3 Qg6
23.Bh4 Qxd3 24.Rxd3 Ng6 25.Bg3 Ne7 26.Bh4 Ng6 27.Bg3 Ne7 28.Bf2 b6 29.g4 Rc8
30.f5 Rc4 31.e6 f6 32.Bd4 Ra4 33.Re2 Rc8 34.Kf2 Kf8 35.Kf3 Nc6 36.Kf4 Ke7
37.h4 Kd6 38.Kg3 Ra3 39.Rde3 Ne7 40.Rf3 Rf8 41.Ref2 Nc6 42.g5 Ra4 43.Rf4 Ra3
44.gxh6 gxh6 45.Kg4 Nxd4 46.Rxd4 Rxc3 47.Rfd2 Rc5 48.Kh5 Rh8 49.Kg6 h5 50.Kxf6 Rf8+
51.Kg6 b5 52.Re2 Ke7 53.Kg5 Rg8+ 54.Kf4 Kf6 55.e7 Re8 56.Re6+ Kf7 57.Re5 Rxe7
58.Rexd5 Rxd5 59.Rxd5 Rb7 60.Rd6 b4 61.Ra6 b3 62.axb3 Rxb3 63.Rxa7+ Kf6 64.Ra6+ Kf7
65.Kg5 Rg3+ 66.Kxh5 Rg1 67.Kh6 Rf1 68.Kg5 Rg1+ 69.Kf4 Rf1+ 70.Kg4 Rg1+ 71.Kh5 Rf1
72.Kg5 Rg1+ 73.Kh6 Rf1 74.Ra5 Kf6 75.h5 Rh1 76.Rb5 Rh3 77.Rc5 Rh1 78.Ra5 Rh3
79.Ra1 Rh4 80.Rf1 Rh2 81.Rf3 Rh1 82.Rf2 Rh3 83.Rf1 Rh2 84.Rg1 Kxf5 85.Rg6 Rh3
86.Ra6 Rh1 87.Rb6 Rh3 88.Rb5+ Kf6 89.Kh7 Ra3 90.Rb7 Kg5 91.h6 Ra6 92.Rb5+ Kf6
93.Rb7 Kg5 94.Kg7 Rg6+ 95.Kf7 Rf6+ 96.Kg7  1/2-1/2

[Event "ch-USA 2018"]
[Site "Saint Louis USA"]
[Date "2018.04.18"]
[Round "1.2"]
[White "Nakamura,Hi"]
[Black "Robson,R"]
[Result "1/2-1/2"]
[WhiteElo "2787"]
[BlackElo "2660"]

1.e4 e5 2.Nf3 Nc6 3.d4 exd4 4.Nxd4 Nf6 5.Nxc6 bxc6 6.e5 Qe7 7.Qe2 Nd5 8.h4 a5
9.c4 Nb6 10.Nd2 Qe6 11.Nf3 Bb4+ 12.Bd2 Bxd2+ 13.Nxd2 O-O 14.O-O-O Re8 15.f4 d6
16.Rh3 Qh6 17.Re3 Qxf4 18.Re4 Qg3 19.exd6 Be6 20.dxc7 Qxc7 21.Nf3 Nd7 22.Ng5 Nf8
23.Qf2 Rad8 24.Bd3 h6 25.Nxe6 Rxe6 26.Qf3 Red6 27.Ree1 Rd4 28.g3 Ne6 29.Kb1 h5
30.Bc2 Rxd1+ 31.Bxd1 g6 32.Bc2 Nd4 33.Qc3  1/2-1/2

[Event "ch-USA 2018"]
[Site "Saint Louis USA"]
[Date "2018.04.19"]
[Round "2.4"]
[White "Nakamura,Hi"]
[Black "Zherebukh,Y"]
[Result "1/2-1/2"]
[WhiteElo "2787"]
[BlackElo "2640"]

1.e4 e5 2.Nf3 Nf6 3.d4 Nxe4 4.Bd3 d5 5.Nxe5 Nd7 6.Nxd7 Bxd7 7.O-O Bd6 8.c4 O-O
9.c5 Be7 10.Qc2 Bf6 11.Be3 Re8 12.Nd2 Bf5 13.Nf3 Bg6 14.Rfe1 Re6 15.Bf4 Qe7
16.Re3 Re8 17.Rae1 c6 18.h3 Qd8 19.b4 a6 20.a4 Bg5 21.Nxg5 Nxg5 22.Bxg6 hxg6
23.b5 Rxe3 24.Bxe3 axb5 25.axb5 Ne6 26.Rb1 f5 27.Qd2 g5 28.f3 g4 29.bxc6 bxc6
30.fxg4 fxg4 31.hxg4 Qh4 32.Qd1 Qh7 33.Rb3  1/2-1/2

[Event "ch-USA 2018"]
[Site "Saint Louis USA"]
[Date "2018.04.20"]
[Round "3.5"]
[White "Onischuk,Al"]
[Black "Nakamura,Hi"]
[Result "1/2-1/2"]
[WhiteElo "2672"]
[BlackElo "2787"]

1.d4 d6 2.Nf3 g6 3.c4 Bg7 4.Nc3 Nc6 5.d5 Ne5 6.Nxe5 Bxe5 7.g3 h5 8.Bg5 c5
9.dxc6 bxc6 10.Bg2 Bd7 11.O-O h4 12.Ne4 hxg3 13.hxg3 f6 14.Be3 f5 15.f4 Bxb2
16.Rb1 Bf6 17.Nxf6+ Nxf6 18.Bd4 O-O 19.c5 Be6 20.Bxc6 Rb8 21.Qa4 Nh5 22.Kf2 Qc7
23.cxd6 Qxd6 24.Bxa7 Rxb1 25.Rxb1 Nf6 26.Rd1 Qc7 27.Bf3 g5 28.Be3 gxf4 29.gxf4 Kf7
30.Rh1 Rg8 31.Bh5+ Kf8 32.Bf3 Kf7 33.a3 Bd5 34.Bxd5+ Nxd5 35.Qb3 Qd6 36.Rd1 Rd8
37.Rh1 Rc8 38.Rd1 Rd8 39.Rh1 Rc8 40.Rd1  1/2-1/2

[Event "ch-USA 2018"]
[Site "Saint Louis USA"]
[Date "2018.04.21"]
[Round "4.5"]
[White "Nakamura,Hi"]
[Black "Liang,Awonder"]
[Result "1/2-1/2"]
[WhiteElo "2787"]
[BlackElo "2552"]

1.Nf3 Nf6 2.g3 e6 3.Bg2 Be7 4.O-O d5 5.d3 O-O 6.Nbd2 c5 7.e4 Nc6 8.Re1 b5
9.e5 Nd7 10.Nf1 Bb7 11.h4 Qc7 12.Bf4 Rfc8 13.Ne3 Qd8 14.c3 a5 15.Ng4 Bf8
16.h5 h6 17.Qd2 b4 18.c4 Ne7 19.Nh4 Ra7 20.Rad1 a4 21.Ne3 Nb6 22.Qe2 Kh8
23.Nf3 Nc6 24.Rc1 b3 25.axb3 axb3 26.Qd1 Nd4 27.cxd5 Nxd5 28.Nxd4 Nxf4 29.gxf4 cxd4
30.Nc4 Bd5 31.Bxd5 exd5 32.Nd6  1/2-1/2

[Event "ch-USA 2018"]
[Site "Saint Louis USA"]
[Date "2018.04.22"]
[Round "5.4"]
[White "Lenderman,A"]
[Black "Nakamura,Hi"]
[Result "1/2-1/2"]
[WhiteElo "2599"]
[BlackElo "2787"]

1.Nf3 Nf6 2.c4 g6 3.Nc3 Bg7 4.e4 d6 5.d4 O-O 6.Be2 e5 7.O-O Nc6 8.d5 Ne7
9.Ne1 Nd7 10.Be3 f5 11.f3 f4 12.Bf2 g5 13.Nd3 Nf6 14.c5 Ng6 15.Rc1 Rf7 16.Kh1 Bf8
17.Rg1 Rg7 18.b4 h5 19.Qd2 g4 20.g3 fxg3 21.Rxg3 a5 22.a3 axb4 23.axb4 c6
24.dxc6 bxc6 25.cxd6 Qxd6 26.Bc5 Qd8 27.Bxf8 Qxf8 28.fxg4 Bxg4 29.h3 Bxe2
30.Qxe2 Raa7 31.Rf1 Nf4 32.Rxg7+ Rxg7 33.Nxf4 exf4 34.Qc4+ Qf7 35.Qxf7+ Kxf7
36.Rxf4 Rg3 37.Kh2 Rxc3 38.e5 Ke6 39.exf6 Kf7 40.h4 c5 41.bxc5  1/2-1/2

[Event "ch-USA 2018"]
[Site "Saint Louis USA"]
[Date "2018.04.23"]
[Round "6.4"]
[White "Nakamura,Hi"]
[Black "Xiong,Jeffery"]
[Result "1/2-1/2"]
[WhiteElo "2787"]
[BlackElo "2665"]

1.e4 e5 2.Nc3 Nf6 3.g3 d5 4.exd5 Nxd5 5.Bg2 Nxc3 6.bxc3 Bc5 7.Nf3 Nc6 8.O-O O-O
9.Re1 Qf6 10.d3 h6 11.Rb1 Bb6 12.Be3 Bg4 13.h3 Be6 14.c4 e4 15.Nd2 exd3 16.c5 Ba5
17.Rxb7 Nb4 18.cxd3 Bd5 19.Rxb4 Bxg2 20.Rf4 Qc6 21.Qa4 Bxd2 22.Bxd2 Rfe8
23.Rxe8+ Rxe8 24.Qxc6 Bxc6 25.Kf1 Rb8 26.Rb4 Rxb4 27.Bxb4 Bd7 28.h4 f6 29.d4 Be6
30.a3 g5 31.Ke1  1/2-1/2

[Event "ch-USA 2018"]
[Site "Saint Louis USA"]
[Date "2018.04.26"]
[Round "8.2"]
[White "Nakamura,Hi"]
[Black "Shankland,S"]
[Result "1/2-1/2"]
[WhiteElo "2787"]
[BlackElo "2671"]

1.b3 e5 2.Bb2 Nc6 3.e3 Nf6 4.Bb5 e4 5.f3 a6 6.Bxc6 dxc6 7.Qe2 Bf5 8.fxe4 Bxe4
9.d3 Bg6 10.Nc3 Bc5 11.O-O-O Qe7 12.e4 Ba3 13.g4 a5 14.g5 Nh5 15.Qe3 O-O
16.Nge2 b5 17.Bxa3 Qxa3+ 18.Kb1 a4 19.Nc1 Rfb8 20.Rhe1 c5 21.Ka1 axb3 22.cxb3 c4
23.Nb1 Qa6 24.Rd2 f5 25.exf5 Bxf5 26.b4 Qg6 27.Rf1 c6 28.Nc3 Re8 29.Qf3 Bxd3
30.Nxd3 Rf8 31.Qd1 cxd3 32.Rxf8+ Rxf8 33.Rxd3 Qxg5 34.Rd6 Qf4 35.Rxc6 Qxb4
36.Qd5+ Kh8 37.Qxb5 Qf4 38.Qc5  1/2-1/2

[Event "ch-USA 2018"]
[Site "Saint Louis USA"]
[Date "2018.04.27"]
[Round "9.1"]
[White "Caruana,F"]
[Black "Nakamura,Hi"]
[Result "1/2-1/2"]
[WhiteElo "2804"]
[BlackElo "2787"]

1.e4 e5 2.Nf3 Nc6 3.Bb5 Nf6 4.d3 Bc5 5.c3 O-O 6.O-O Re8 7.Nbd2 a6 8.Bxc6 dxc6
9.Nc4 Bd6 10.Bg5 b5 11.Ne3 Qe7 12.Nh4 Qe6 13.Nhf5 Bf8 14.f4 Nd7 15.Ng3 f6
16.f5 Qf7 17.Bh4 Bb7 18.Qe2 Rad8 19.Nh1 Nc5 20.Rfd1 Rd6 21.Nf2 Red8 22.Rd2 a5
23.g4 g5 24.Bg3 Ba6 25.Rad1 b4 26.c4 b3 27.a3 R6d7 28.Qe1 Nb7 29.Nh1 Nc5
30.Qe2 Rd4 31.Be1 R8d6 32.Nf2 Qd7 33.Kg2 Qd8 34.h3 Rd7 35.Nf1 Na4 36.Nh2 Bc5
37.Nf3 R4d6 38.Rc1 Bxf2 39.Qxf2 c5 40.Qe2 Rxd3 41.Rxd3 Rxd3 42.Bxa5 Bb7 43.Kf2 Qd7
44.Re1 Rd6 45.Rc1 Qc6 46.Re1 Rd8 47.h4 h6 48.hxg5 hxg5 49.Kg3 Rd7 50.Qh2 Rh7
51.Qd2 Rd7 52.Qh2 Rh7 53.Qd2  1/2-1/2

[Event "ch-USA 2018"]
[Site "Saint Louis USA"]
[Date "2018.04.28"]
[Round "10.5"]
[White "Nakamura,Hi"]
[Black "Akobian,V"]
[Result "1-0"]
[WhiteElo "2787"]
[BlackElo "2647"]

1.e4 e6 2.d4 d5 3.Nc3 Bb4 4.e5 c5 5.a3 Ba5 6.b4 cxd4 7.Nb5 Bc7 8.f4 Bd7 9.Nf3 Bxb5
10.Bxb5+ Nc6 11.Bd3 Nge7 12.O-O Bb6 13.Kh1 Qd7 14.Rb1 Nf5 15.a4 a6 16.a5 Ba7
17.Bxf5 exf5 18.Ba3 Rc8 19.b5 axb5 20.Rxb5 Nd8 21.Qb1 Rc3 22.e6 fxe6 23.Ne5 Qc7
24.Qb4 g5 25.Qa4 Rxa3 26.Qxa3 gxf4 27.Re1 Qc3 28.Qc1 Rg8 29.Nd3 Kd7 30.Qxf4 Kc8
31.a6 bxa6 32.Rb3 Qc7 33.Qxc7+ Kxc7 34.Ra3 Bb6 35.Rxa6 Kb7 36.Ra3 Rg7 37.Rb3 Rc7
38.Reb1 Rc6 39.Ne5 Rd6 40.Rh3 Nc6 41.Rxh7+ Ka6 42.Rd7 Rxd7 43.Nxd7 Ba7 44.h4 e5
45.h5 e4 46.h6 d3 47.cxd3 Bd4 48.dxe4 fxe4 49.h7 Ne7 50.Nc5+  1-0

[Event "ch-USA 2018"]
[Site "Saint Louis USA"]
[Date "2018.04.29"]
[Round "11.3"]
[White "So,W"]
[Black "Nakamura,Hi"]
[Result "1/2-1/2"]
[WhiteElo "2786"]
[BlackElo "2787"]

1.d4 Nf6 2.c4 e6 3.Nc3 Bb4 4.Qc2 O-O 5.e4 d5 6.e5 Ne4 7.Bd3 c5 8.Nf3 cxd4
9.Nxd4 Nd7 10.Bf4 Qh4 11.g3 Qh5 12.O-O g5 13.cxd5 Bxc3 14.bxc3 exd5 15.Bxe4 dxe4
16.e6 gxf4 17.exd7 Bxd7 18.Qxe4 fxg3 19.fxg3 b6 20.Nf5 Rae8 21.Qd5 Bxf5 22.Rxf5 Qh6
23.Raf1 Qe3+ 24.R1f2 Qe1+ 25.Kg2 Qe4+ 26.Kh3 Qxd5 27.Rxd5 Re7 28.Rg5+ Kh8
29.a4 Re3 30.Rgf5 Kg7  1/2-1/2

[Event "6th Norway Blitz 2018"]
[Site "Stavanger NOR"]
[Date "2018.05.27"]
[Round "1.5"]
[White "Aronian,L"]
[Black "Nakamura,Hi"]
[Result "0-1"]
[WhiteElo "2764"]
[BlackElo "2769"]

1.c4 Nf6 2.Nc3 e6 3.e4 d5 4.cxd5 exd5 5.e5 Ne4 6.Nf3 Bf5 7.d3 Nxc3 8.bxc3 c5
9.d4 c4 10.a4 Nc6 11.Be2 Be7 12.O-O O-O 13.Ne1 Na5 14.Nc2 Nb3 15.Ra2 Qa5
16.Bb2 f6 17.Ne3 Be6 18.exf6 Bxf6 19.Qc2 Bg5 20.Ba3 Rfe8 21.Bh5 Red8 22.Bb4 Qc7
23.Re1 Bf7 24.Bf3 Re8 25.a5 Qd7 26.Qd1 Bxe3 27.fxe3 Bg6 28.Rf2 h6 29.Bh5 Qe6
30.e4 Kh7 31.Bxg6+ Qxg6 32.exd5 Rxe1+ 33.Qxe1 Re8 34.Re2 Rxe2 35.Qxe2 Qb1+
36.Kf2 Nc1 37.Qxc4 Qe4 38.h3 Nd3+ 39.Kg1 Qe3+ 40.Kh2 Qf4+ 41.Kg1 Qf2+  0-1

[Event "6th Norway Blitz 2018"]
[Site "Stavanger NOR"]
[Date "2018.05.27"]
[Round "2.4"]
[White "Caruana,F"]
[Black "Nakamura,Hi"]
[Result "1/2-1/2"]
[WhiteElo "2822"]
[BlackElo "2769"]

1.e4 e5 2.Bc4 Nc6 3.d3 Nf6 4.Nf3 Bc5 5.O-O d6 6.c3 O-O 7.a4 a6 8.Re1 Ba7
9.h3 Ne7 10.Nbd2 Ng6 11.Nf1 Be6 12.Bxe6 fxe6 13.Ng3 h6 14.d4 Nd7 15.Be3 Qe7
16.a5 Kh7 17.Nd2 Rf7 18.Nc4 Raf8 19.Qb3 Rb8 20.Rad1 Qh4 21.Nd2 Qe7 22.Qc4 Rc8
23.Ndf1 Nf4 24.Qb3 b5 25.axb6 Bxb6 26.Nd2 Rcf8 27.Nc4 h5 28.Ne2 Qf6 29.Nxf4 exf4
30.Bc1 e5 31.Qc2 f3 32.Nxb6 cxb6 33.g3 Qe6 34.Kh2 b5 35.Bg5 Rc8 36.Qd3 Nb6
37.Ra1 Na4 38.Qd2 exd4 39.cxd4 Rfc7 40.e5 Rc2 41.Qe3 dxe5 42.dxe5 Nxb2 43.Qxf3 Qg6
44.Be3 Nc4 45.Bf4 Nd2 46.Bxd2 Rxd2 47.e6 Rcc2 48.Kg2 h4 49.g4 Rd3 50.Qe4 Rg3+
51.Kf1 Qxe4 52.Rxe4 Rf3 53.e7 Rfxf2+ 54.Ke1 Rh2 55.Kd1 Rhd2+ 56.Ke1 Rh2 57.Kd1 Rhd2+  1/2-1/2

[Event "6th Norway Blitz 2018"]
[Site "Stavanger NOR"]
[Date "2018.05.27"]
[Round "3.5"]
[White "Nakamura,Hi"]
[Black "Karjakin,Sergey"]
[Result "1-0"]
[WhiteElo "2769"]
[BlackElo "2782"]

1.Nf3 d5 2.b3 Nf6 3.Bb2 c6 4.g3 h6 5.Bg2 Bf5 6.O-O e6 7.Ne5 Nbd7 8.Nxd7 Qxd7
9.d3 Be7 10.Nd2 Bh7 11.e4 O-O 12.Qe2 a5 13.a3 b5 14.Rad1 Rad8 15.Nf3 Qb7
16.Ne5 Nd7 17.Ng4 dxe4 18.Bxe4 f5 19.Bg2 fxg4 20.Qxe6+ Rf7 21.Bxc6 Nc5 22.Qxf7+ Kxf7
23.Bxb7 Nxb7 24.f3 gxf3 25.Rxf3+ Bf6 26.Bxf6 gxf6 27.b4 Bg6 28.Rf4 Kg7 29.Re1 Kf7
30.Re5 Nd6 31.bxa5 Ra8 32.Rd5 Ra6 33.a4 bxa4 34.Rxa4 Ke6 35.Rc5 Be8 36.Rb4 Ra7
37.Rb6 Ke7 38.a6 Bd7 39.Kf2 Be8 40.Ke3 Bd7 41.Kf4 Be8 42.Rd5  1-0

[Event "6th Norway Blitz 2018"]
[Site "Stavanger NOR"]
[Date "2018.05.27"]
[Round "4.2"]
[White "Mamedyarov,S"]
[Black "Nakamura,Hi"]
[Result "1/2-1/2"]
[WhiteElo "2808"]
[BlackElo "2769"]

1.d4 Nf6 2.c4 e6 3.Nc3 Bb4 4.Qc2 O-O 5.Nf3 d5 6.Bg5 h6 7.Bxf6 Qxf6 8.a3 Bxc3+
9.Qxc3 dxc4 10.Qxc4 Nc6 11.Rd1 Rd8 12.e4 e5 13.d5 Bg4 14.dxc6 Bxf3 15.Rd3 b5
16.Qc2 Rxd3 17.Qxd3 Bg4 18.f3 Rd8 19.Qc3 Bc8 20.Bxb5 a6 21.Be2 Rd6 22.O-O Rxc6
23.Qe3 Be6 24.Rc1 Rxc1+ 25.Qxc1 Qd8 26.Bxa6 Qd4+ 27.Kf1 c5 28.Be2 c4 29.Qc3 Kf8
30.a4 Qxc3 31.bxc3 Ke7 32.Kf2 Kd6 33.Ke3 g5 34.g3 Kc5 35.f4 f6 36.Bh5 Bd7
37.a5 Kb5 38.Bf7 Kxa5 39.Bxc4 Kb6 40.Bf7 Kc5 41.f5 Ba4 42.h4 Bc2 43.Bd5 Ba4
44.hxg5 hxg5 45.Ba2 Bc2 46.Bd5 Ba4 47.Bf7 Bc2 48.Bd5 Ba4 49.Be6 Bc2  1/2-1/2

[Event "6th Norway Blitz 2018"]
[Site "Stavanger NOR"]
[Date "2018.05.27"]
[Round "5.3"]
[White "Nakamura,Hi"]
[Black "So,W"]
[Result "1/2-1/2"]
[WhiteElo "2769"]
[BlackElo "2778"]

1.Nf3 d5 2.b3 Bf5 3.Bb2 e6 4.g3 h6 5.Bg2 Nf6 6.O-O Be7 7.Ne5 Nbd7 8.Nxd7 Qxd7
9.d3 O-O 10.Nd2 a5 11.e4 Bh7 12.a3 dxe4 13.Nxe4 Nxe4 14.dxe4 Qxd1 15.Rfxd1 Rfd8
16.Kf1 Bg6 17.Ke2 f6 18.a4 e5 19.f3 Kf7 20.Bh3 Bc5 21.Rxd8 Rxd8 22.Rd1 Rxd1
23.Kxd1 Bg1 24.Ke2 h5 25.Kf1 Bc5 26.Bc8 b6 27.Ke2 Ke7 28.Ba6 Bf7 29.h4 Be6
30.Bc1 c6 31.Bd3 Kd6 32.Bd2 Ke7 33.Be1 Kd6 34.Kd2 g5 35.Be2 Ke7 36.Kd1 Kf7
37.Kd2 Kg6 38.Kd1 Kf7 39.Ba6 Kg6 40.Be2 Kf7 41.Bd2 Bf2 42.Be1 Bc5  1/2-1/2

[Event "6th Norway Blitz 2018"]
[Site "Stavanger NOR"]
[Date "2018.05.27"]
[Round "6.3"]
[White "Vachier Lagrave,M"]
[Black "Nakamura,Hi"]
[Result "1/2-1/2"]
[WhiteElo "2789"]
[BlackElo "2769"]

1.e4 e5 2.Nf3 Nc6 3.Bb5 Nf6 4.d3 Bc5 5.O-O Nd4 6.Nxd4 Bxd4 7.Nd2 a6 8.Ba4 b5
9.Bb3 d6 10.Nf3 Bb6 11.a4 Rb8 12.axb5 axb5 13.c3 O-O 14.Re1 c5 15.h3 h6 16.Be3 c4
17.Bxb6 Rxb6 18.Bc2 cxd3 19.Qxd3 Be6 20.Nd2 Qc7 21.Bb3 Bxb3 22.Nxb3 Rc8 23.Nd2 Qb7
24.Ra5 Rd8 25.Qe3 d5 26.exd5 Nxd5 27.Qe4 Nf4 28.Qxb7 Rxb7 29.Nf3 Nd3 30.Rd1 e4
31.Ne5 Rd5 32.Nxd3 exd3 33.c4 Rc5 34.b3 Rc8 35.Rxb5 Rxb5 36.cxb5 Rc3 37.b6 Rxb3
38.b7 Rxb7 39.Rxd3  1/2-1/2

[Event "6th Norway Blitz 2018"]
[Site "Stavanger NOR"]
[Date "2018.05.27"]
[Round "7.2"]
[White "Nakamura,Hi"]
[Black "Ding Liren"]
[Result "1/2-1/2"]
[WhiteElo "2769"]
[BlackElo "2791"]

1.Nf3 d5 2.b3 Bf5 3.Bb2 e6 4.g3 Nf6 5.Bg2 c5 6.Ne5 Nfd7 7.Nxd7 Qxd7 8.d3 Nc6
9.Nd2 d4 10.c3 Be7 11.a3 O-O 12.cxd4 Nxd4 13.O-O Rac8 14.h3 Rfd8 15.Rc1 b6
16.Kh2 e5 17.Nc4 f6 18.f4 exf4 19.gxf4 b5 20.Nd2 a5 21.Nf3 Nxf3+ 22.Rxf3 c4
23.bxc4 bxc4 24.Rxc4 Rxc4 25.Qb3 Be6 26.dxc4 a4 27.Qb5 Qxb5 28.cxb5 Rb8 29.Re3 Kf7
30.Bc6 Bc4 31.Bd4 Bd6 32.Rc3 Bxf4+ 33.Kg2 Bxb5 34.Bd5+ Kg6 35.Be4+ f5 36.Bc2 Re8
37.e3 Be5 38.Rc5 Bxd4 39.Bxf5+ Kf6 40.exd4 Re2+ 41.Kf3 Rb2 42.Bxh7 Rb3+ 43.Kf4 Bd3
44.Bg8 Rxa3 45.Re5 g6 46.Ra5 Ra1 47.Ke3 Bc2 48.Ra6+ Ke7 49.d5 Rd1 50.Be6 Bb3
51.Ra7+ Kd6 52.Bd7 Rxd5 53.Bxa4 Bxa4 54.Rxa4  1/2-1/2

[Event "6th Norway Blitz 2018"]
[Site "Stavanger NOR"]
[Date "2018.05.27"]
[Round "8.5"]
[White "Anand,V"]
[Black "Nakamura,Hi"]
[Result "1/2-1/2"]
[WhiteElo "2760"]
[BlackElo "2769"]

1.e4 e5 2.Nf3 Nc6 3.Bb5 Nf6 4.d3 Bc5 5.c3 O-O 6.O-O Re8 7.Re1 a6 8.Ba4 d5
9.Nbd2 b5 10.Bc2 Be6 11.exd5 Bxd5 12.Ne4 Nxe4 13.dxe4 Be6 14.Bb3 Qxd1 15.Rxd1 f6
16.Bxe6+ Rxe6 17.Kf1 Rd6 18.Rxd6 Bxd6 19.Be3 Kf7 20.Ke2 Ke6 21.Nd2 Rb8 22.g4 a5
23.h4 a4 24.Rc1 Na5 25.b4 Nb7 26.c4 Bxb4 27.cxb5 Nd6 28.Rxc7 Bxd2 29.Kxd2 Rxb5
30.Rxg7 Rb2+ 31.Kd3 Rxa2 32.Rxh7 Ra3+ 33.Kc2 Nxe4 34.Ra7 Nxf2 35.Bxf2 Ra2+
36.Kd3 Rxf2 37.Rxa4 Rh2 38.h5 f5 39.Ra6+ Kf7  1/2-1/2

[Event "6th Norway Blitz 2018"]
[Site "Stavanger NOR"]
[Date "2018.05.27"]
[Round "9.1"]
[White "Nakamura,Hi"]
[Black "Carlsen,M"]
[Result "1/2-1/2"]
[WhiteElo "2769"]
[BlackElo "2843"]

1.d4 g6 2.e4 d6 3.Nc3 Bg7 4.f4 Nf6 5.Nf3 c5 6.Bb5+ Bd7 7.e5 Ng4 8.e6 Bxb5
9.exf7+ Kf8 10.Nxb5 Qa5+ 11.Nc3 cxd4 12.Nxd4 Kxf7 13.Qxg4 Bxd4 14.Bd2 Qf5
15.Qxf5+ gxf5 16.Nb5 Bb6 17.O-O-O Nd7 18.Rhe1 a6 19.Nc3 Nf6 20.Be3 Bxe3+
21.Rxe3 Rad8 22.Nd5 Nxd5 23.Rxd5 e6 24.Rd2 h5 25.Rde2 Rh6 26.Rc3 Rd7 27.a4 h4
28.b4 Kf6 29.b5 axb5 30.axb5 Rh8 31.Kb2 Ra8 32.Rh3 Rh7 33.Rhe3 Re8 34.Rd3 Rd8
35.Rde3 Re8 36.Rd3 Rd8 37.Rde3 Re8 38.Rd3  1/2-1/2

[Event "6th Norway Chess 2018"]
[Site "Stavanger NOR"]
[Date "2018.05.28"]
[Round "1.3"]
[White "Nakamura,Hi"]
[Black "Ding Liren"]
[Result "1/2-1/2"]
[WhiteElo "2769"]
[BlackElo "2791"]

1.c4 Nf6 2.Nc3 e6 3.e4 d5 4.cxd5 exd5 5.e5 Ne4 6.Nf3 Bf5 7.d3 Nxc3 8.bxc3 c5
9.d4 Qa5 10.Bd2 Nc6 11.Be2 Be7 12.O-O O-O 13.a4 Rac8 14.Ra2 a6 15.Rb2 c4
16.Ne1 b5 17.axb5 axb5 18.Bg4 Bxg4 19.Qxg4 h5 20.Qxh5 b4 21.Qg4 Rfe8 22.Nf3 Qa3
23.Rc2 b3 24.Rcc1 Qa2 25.Qf5 Ra8 26.Bg5 Qe2 27.Qd7 Bxg5 28.Nxg5 Ne7 29.e6 f6
30.Nf7 Ng6 31.Nh6+ gxh6 32.Qf7+ Kh8 33.Qxf6+ Kh7 34.Qf7+ Kh8 35.Qf6+ Kh7
36.Qf7+ Kh8 37.Qf6+  1/2-1/2

[Event "6th Norway Chess 2018"]
[Site "Stavanger NOR"]
[Date "2018.05.29"]
[Round "2.5"]
[White "Nakamura,Hi"]
[Black "Anand,V"]
[Result "1/2-1/2"]
[WhiteElo "2769"]
[BlackElo "2760"]

1.d4 Nf6 2.c4 e6 3.Nf3 d5 4.Nc3 Be7 5.cxd5 exd5 6.h3 O-O 7.Bf4 c5 8.dxc5 Bxc5
9.e3 Nc6 10.Be2 d4 11.exd4 Bxd4 12.O-O Bxc3 13.bxc3 h6 14.Qb3 Ne4 15.Qc2 Re8
16.Bd3 Nc5 17.Bh7+ Kh8 18.Be3 Qa5 19.Nd2 Na4 20.Nc4 Qxc3 21.Nd6 Re7 22.Qxa4 Kxh7
23.Rac1 Qf6 24.Nxc8 Rxc8 25.Bxa7 Nxa7 26.Rxc8 Nxc8 27.Qc2+ Qg6 28.Qxc8 Re2
29.Qxb7 Rxa2 30.Qb1 Qxb1 31.Rxb1 h5 32.h4 g6 33.g3 Ra3 34.Kg2 Ra2 35.Rb7 Kg7
36.Rc7 Kf6 37.Rb7 Kg7 38.Rc7 Kf6 39.Rb7 Ke5  1/2-1/2

[Event "6th Norway Chess 2018"]
[Site "Stavanger NOR"]
[Date "2018.05.30"]
[Round "3.5"]
[White "So,W"]
[Black "Nakamura,Hi"]
[Result "1/2-1/2"]
[WhiteElo "2778"]
[BlackElo "2769"]

1.Nf3 d5 2.d4 Nf6 3.c4 e6 4.Nc3 Be7 5.Bg5 h6 6.Bh4 O-O 7.e3 Ne4 8.Bxe7 Qxe7
9.Rc1 c6 10.g4 Rd8 11.Qc2 Nd7 12.Nxe4 dxe4 13.Qxe4 Qb4+ 14.Ke2 e5 15.Qc2 exd4
16.Nxd4 Ne5 17.h3 c5 18.Nf5 Bxf5 19.gxf5 b5 20.Qc3 Nxc4 21.Qxb4 cxb4 22.b3 Nb6
23.e4 Rac8 24.Rxc8 Rxc8 25.Kd2 a6 26.Bd3 Kf8 27.f4 f6 28.Rc1 Rxc1 29.Kxc1 Ke7
30.Kd2 Kd6 31.Be2 Kc5 32.Kd3 Nc8 33.Bh5 Ne7 34.Be8 Nc8 35.Bd7 Ne7 36.h4 Kd6
37.Be8 Kc5 38.Ke3 Nc8 39.Bd7 Ne7 40.Kd3 Kd6 41.Be6 g6 42.Ke3 a5 43.Kd4 Nc6+
44.Kd3 Ne7 45.Kd4 Nc6+ 46.Ke3 Ne7 47.Kd4  1/2-1/2

[Event "6th Norway Chess 2018"]
[Site "Stavanger NOR"]
[Date "2018.06.01"]
[Round "4.1"]
[White "Nakamura,Hi"]
[Black "Carlsen,M"]
[Result "1/2-1/2"]
[WhiteElo "2769"]
[BlackElo "2843"]

1.d4 Nf6 2.c4 e6 3.Nf3 d5 4.Nc3 Be7 5.Bg5 h6 6.Bh4 O-O 7.e3 Nbd7 8.Be2 dxc4
9.Bxc4 a6 10.a4 c5 11.O-O cxd4 12.Nxd4 Nb6 13.Be2 Nbd5 14.Nxd5 Nxd5 15.Bxe7 Qxe7
16.Qb3 b6 17.Bf3 Bb7 18.Nf5 exf5 19.Bxd5 Bxd5 20.Qxd5 Qf6 21.Qb3 Rad8 22.Rfd1 Rxd1+
23.Rxd1 Rd8 24.Rxd8+ Qxd8 25.g3 g6 26.h4 h5 27.Qc4 a5 28.b3 Qd1+ 29.Kg2 Qd7
30.Kf1 Qd1+ 31.Kg2 Qd7 32.Kf1 Qd1+ 33.Kg2 Qd7  1/2-1/2

[Event "6th Norway Chess 2018"]
[Site "Stavanger NOR"]
[Date "2018.06.02"]
[Round "5.3"]
[White "Mamedyarov,S"]
[Black "Nakamura,Hi"]
[Result "1/2-1/2"]
[WhiteElo "2808"]
[BlackElo "2769"]

1.d4 Nf6 2.c4 e6 3.Nc3 Bb4 4.Qc2 O-O 5.a3 Bxc3+ 6.Qxc3 d5 7.Bg5 dxc4 8.Qxc4 b6
9.Rd1 Ba6 10.Qa4 h6 11.Bh4 Qe7 12.Nf3 Rd8 13.e3 Bxf1 14.Rxf1 c5 15.dxc5 Rxd1+
16.Qxd1 g5 17.Bg3 Qxc5 18.Qd8+ Kg7 19.Be5 Qc1+ 20.Ke2 Qc4+ 21.Ke1 Qc1+ 22.Ke2 Qc4+
23.Ke1 Qc1+ 24.Ke2  1/2-1/2

[Event "6th Norway Chess 2018"]
[Site "Stavanger NOR"]
[Date "2018.06.03"]
[Round "6.3"]
[White "Nakamura,Hi"]
[Black "Vachier Lagrave,M"]
[Result "1/2-1/2"]
[WhiteElo "2769"]
[BlackElo "2789"]

1.e4 c5 2.Nc3 d6 3.d4 cxd4 4.Qxd4 Nc6 5.Qd2 g6 6.b3 Bg7 7.Bb2 Nf6 8.O-O-O O-O
9.Kb1 Qa5 10.Nge2 e5 11.f3 Rd8 12.Nd5 Qxd2 13.Nxf6+ Bxf6 14.Rxd2 Bg5 15.Rd1 Be6
16.Nc3 Nd4 17.Bd3 Rac8 18.Rhf1 Nc6 19.a3 Ne7 20.Ne2 Be3 21.h3 g5 22.a4 f6
23.c4 Ng6 24.Bc1 Bxc1 25.Nxc1 h5 26.Rf2 h4 27.Rfd2 Kf7 28.Ne2 Ke7 29.Kb2 Nf4
30.Nc3 a5 31.Bf1 b6 32.Bd3 Rc5 33.Bc2 Rc7 34.Re1 Rc5 35.Nd1 Rc6 36.Ne3 Rc7
37.Red1 Rc6 38.Bd3 Rc7 39.Bc2 Rc6 40.Bd3 Rc7 41.Bc2 Rc6  1/2-1/2

[Event "6th Norway Chess 2018"]
[Site "Stavanger NOR"]
[Date "2018.06.05"]
[Round "7.1"]
[White "Caruana,F"]
[Black "Nakamura,Hi"]
[Result "1/2-1/2"]
[WhiteElo "2822"]
[BlackElo "2769"]

1.c4 Nf6 2.Nc3 e6 3.e4 d5 4.e5 d4 5.exf6 dxc3 6.bxc3 Qxf6 7.Bd3 Bd7 8.Nf3 Bc6
9.Bc2 Bxf3 10.Qxf3 Qxf3 11.gxf3 Nc6 12.Rb1 O-O-O 13.d4 g6 14.Ke2 e5 15.Bg5 Rd6
16.c5 Rd7 17.Bf6 Rg8 18.dxe5 Bxc5 19.Be4 Be7 20.Rxb7 Kxb7 21.Rb1+ Kc8 22.Bxc6 Bxf6
23.Bxd7+ Kxd7 24.exf6 Re8+ 25.Kd3 Re6 26.Rb4 Rxf6 27.Ke3 Re6+ 28.Kd3 Rf6
29.Ke3 Re6+ 30.Kd3 Rf6  1/2-1/2

[Event "6th Norway Chess 2018"]
[Site "Stavanger NOR"]
[Date "2018.06.06"]
[Round "8.4"]
[White "Nakamura,Hi"]
[Black "Karjakin,Sergey"]
[Result "1-0"]
[WhiteElo "2769"]
[BlackElo "2782"]

1.c4 Nf6 2.Nc3 e5 3.Nf3 Nc6 4.g3 Bb4 5.Bg2 O-O 6.O-O e4 7.Ng5 Bxc3 8.bxc3 Re8
9.f3 exf3 10.Nxf3 d5 11.d4 dxc4 12.Bg5 h6 13.Bxf6 Qxf6 14.Nd2 Qe7 15.e4 Na5
16.e5 Be6 17.Ne4 Rad8 18.Qh5 b5 19.Nf6+ Kh8 20.d5 Bxd5 21.Bxd5 Rxd5 22.Nxe8 Rxe5
23.Qxf7 Qxe8 24.Qxe8+ Rxe8 25.Rae1 Rxe1 26.Rxe1 c5 27.Kf2 b4 28.Ke3 bxc3
29.Rc1 Nc6 30.Rxc3 Nb4 31.Rxc4 Nxa2 32.Rxc5 Nb4 33.Ke4 Kh7 34.Rc4 a5 35.Rc5 a4
36.Ra5 Nc6 37.Rxa4 Nd8 38.Ra6 Nf7 39.Kf5 Nh8 40.h4 Nf7 41.g4  1-0

[Event "6th Norway Chess 2018"]
[Site "Stavanger NOR"]
[Date "2018.06.07"]
[Round "9.3"]
[White "Aronian,L"]
[Black "Nakamura,Hi"]
[Result "1/2-1/2"]
[WhiteElo "2764"]
[BlackElo "2769"]

1.d4 Nf6 2.c4 e6 3.Nf3 d5 4.Nc3 Be7 5.Bf4 O-O 6.e3 c5 7.dxc5 Bxc5 8.Qc2 Nc6
9.Rd1 Qa5 10.a3 Re8 11.Nd2 e5 12.Bg5 Nd4 13.Qb1 Bf5 14.Bd3 Bxd3 15.Qxd3 Ne4
16.Nxd5 Nxg5 17.b4 Qd8 18.bxc5 Nde6 19.O-O Nxc5 20.Qb1 Nge6 21.Nf3 Nf8 22.Rd2 Rc8
23.Rfd1 Qd6 24.Nc3 Qg6 25.Rd5 Qxb1 26.Rxb1 f6 27.Nb5 Ne4 28.Nd2 Nxd2 29.Rxd2 Re7
30.Nxa7 Rxc4 31.Nb5 Rd7 32.Rxd7 Nxd7 33.Nd6 Rc3 34.Nxb7 Rxa3 35.h3 Ra8 36.Rd1 Nf8
37.Nc5 Rc8 38.Ne4 Rc7 39.Kf1 Ne6 40.Rd6 Kf7 41.Rb6 Nc5 42.Nxc5 Rxc5  1/2-1/2

[Event "GCT Rapid YourNextMove"]
[Site "Leuven BEL"]
[Date "2018.06.12"]
[Round "1.4"]
[White "Nakamura,Hi"]
[Black "Giri,A"]
[Result "1-0"]
[WhiteElo "2769"]
[BlackElo "2782"]

1.d4 d5 2.Bf4 Nf6 3.e3 Bf5 4.c4 e6 5.Nf3 Bxb1 6.Rxb1 Bb4+ 7.Ke2 dxc4 8.Qa4+ Nc6
9.Ne5 a5 10.Nxc6 Qd7 11.Rc1 Nd5 12.Rxc4 Nb6 13.Qc2 Nxc4 14.Nxb4 Nxb2 15.Nd3 Nxd3
16.Qxd3 O-O 17.f3 Rfd8 18.Kf2 c5 19.Qb1 cxd4 20.exd4 Qxd4+ 21.Be3 Qd6 22.Be2 a4
23.Rc1 a3 24.g3 b6 25.Rc3 Rdc8 26.Rb3 Qc7 27.Bd3 h6 28.Bh7+ Kh8 29.Be4 Ra6
30.Bxb6 Qc1 31.Qxc1 Rxc1 32.Be3 Rc8 33.g4 Ra4 34.Bd3 Raa8 35.Be4 Ra4 36.Kg3 g5
37.Bd2 Kg8 38.Bc3 h5 39.Bf6 hxg4 40.Kxg4 Ra5 41.f4  1-0